Statistics for Top 15 Highest Paid NFL Players by Offensive Position

Click here to take the quiz!

General Stats

  • This quiz has been taken 173 times
    (151 since last reset)
  • The average score is 16 of 45

Answer Stats

#Avg. SalaryAnswer% Correct
10$22 MMAaron Rodgers
81%
6$25 MMDrew Brees
76%
8$14.3 MMJulio Jones
72%
11$21.9 MMRussell Wilson
72%
1$17 MMAntonio Brown
63%
14$20.8 MMPhilip Rivers
63%
13$21 MMEli Manning
61%
1$30 MMMatt Ryan
58%
4$27 MMMatthew Stafford
57%
2$28 MMKirk Cousins
56%
8$23.5 MMAlex Smith
51%
3$16.2 MMDeAndre Hopkins
50%
12$21.9 MMBen Roethlisberger
49%
1$14.5 MMLe"Veon Bell
48%
15$20.8 MMCam Newton
44%
5$25 MMDerek Carr
43%
8$6.2 MMEzekiel Elliott
43%
14$11.3 MMKeenan Allen
43%
7$24.6 MMAndrew Luck
41%
9$14 MMDemartius Thomas
37%
15$11.2 MMDeSean Jackson
37%
9$22.1 MMJoe Flacco
37%
7$14.5 MMDavante Adams
35%
14$4 MMLatavius Murray
34%
3$8 MMLeSean McCoy
32%
6$15 MMAJ Green
31%
2$16.5 MMMike Evans
31%
3$27.5 MMJimmy Garoppolo
26%
13$4.3 MMChristian McCaffrey
25%
4$7.8 MMSaquon Barkley
25%
12$4.5 MMMarshawn Lynch
23%
5$15.1 MMJarvis Landry
18%
10$14 MMAllen Robinson
17%
2$8.3 MMDevonta Freeman
17%
6$6.8 MMLeonard Fournette
17%
15$4 MMJames White
14%
4$16 MMSammy Watkins
14%
11$13 MMTY Hilton
14%
12$13 MMAlshon Jeffery
9%
10$5.1 MMCarlos Hyde
9%
7$6.5 MMLamar Miller
9%
11$5 MMDion Lewis
7%
13$11.5 MMDoug Baldwin
7%
9$5.2 MMGiovani Bernard
3%
5$7.5 MMJerick McKinnon
3%

Score Distribution

Percentile by Number Answered

Percent of People with Each Score

Your Score History

You have not taken this quiz since the last reset